000 00450pab a2200169 454500
008 180718b2009 xxu||||| |||| 00| 0 eng d
100 _aShah, Tusaar et al.
245 _aSecret of Gujarat's agrarian miracle after 2000
260 _c2009
300 _ap.45-55.
362 _a26 Dec
650 _aAgrarian economics - India - Gujarat
650 _aAgrarian economics
773 _aEconomic and Political Weekly
908 _aN
909 _a85207
999 _c85207
_d85207